| 000 | 00895nam a22003011 4500 | ||
|---|---|---|---|
| 001 | 30335 | ||
| 003 | BD-RjUL | ||
| 005 | 20211209051540.0 | ||
| 008 | 140409s1956 nyua 001 0 eng | ||
| 035 | _a(BD-RjUL)30420 | ||
| 035 | _a(OCoLC)967980 | ||
| 040 |
_aDLC _cTxU-Da _dOCoLC _dUk _dDLC _dBD-RjUL _beng |
||
| 041 | _aeng | ||
| 082 |
_a519.5 _bGUF 1956 |
||
| 100 | 1 |
_aGuilford, J. P. _q(Joy Paul), _d1897-1987. _95571 |
|
| 245 | 1 | 0 |
_aFundamental statistics in psychology and education / _cJ.P. Guilford |
| 250 | _a3rd ed. | ||
| 260 |
_aNew York : _bMcGraw-Hill, _c1956. |
||
| 300 |
_a565 p. : _bill. ; _c24 cm. |
||
| 504 | _aIncludes index. | ||
| 650 | 0 |
_aStatistics. _992215 |
|
| 650 | 0 |
_aPsychology. _992216 |
|
| 650 | 0 |
_aEducation _vStatistics. _9836 |
|
| 942 |
_2ddc _cBK _01 |
||
| 999 |
_c30335 _d30335 |
||